Statistiken für Niger-Quiz

Klicken Sie hier um das Quiz zu spielen!

Allgemein

  • Dieses Quiz wurde 656 mal gespielt
  • Das Durchschnittsergebnis liegt bei 13 aus 20

Antwortstatistiken

FrageAntwort% Korrekt
Fluss, der durch diese Stadt gehtNiger
99%
Große Wüste, die rund 80% der Fläche Nigers ausmachtSahara
96%
Bevölkerungsreichstes NachbarlandNigeria
95%
Land, dessen Flagge, der von Niger am meisten ähnelt:
Indien
90%
Die durchschnittliche nigrische Frau hat davon 6.9, weltweit die höchste AnzahlKinder
90%
Flächengrößtes NachbarlandAlgerien
89%
99% der Bevölkerung Nigers gehört dieser Religion anIslam
89%
AmtsspracheFranzösisch
88%
Radioaktives Element, das 91% der Exporte Nigers ausmachtUran
82%
Abflussloser See, dessen Fläche seit den 1960er Jahren dramatisch abnahm{Tschad}see
75%
Wirtschaftssektor, der 82% der Bevölkerung Nigers beschäftigtLandwirtschaft
73%
Hauptstadt von NigerNiamey
72%
Währung, die Niger mit sieben anderen Ländern teiltCFA {Franc}
64%
Semi-aride Region, die ein Großteil Südnigers bedecktSahel
58%
Bis 2010 war Niger mehrere Perioden lang unter dieser Staatsform verwaltet{Militär}diktatur
47%
Nomadische Wüstenmenschen, die häufig als "blaues Volk" bezeichnet werdenTuareg
38%
Wichtigste Ethnie (Anfangsbuchstabe H)Hausa
26%
Ehemaliges Großreich, dass die Region 1464–1591 kontrollierte{Song}hai
26%
Großstadt in Niger, in der am meisten der obigen Volksgruppe lebenAgadez
20%
Trockenregion der obigen Wüste, in der sich einst der isolierteste Baume der Erde befandTénéré
15%

Verteilung der Resultate

Perzentil nach korrekt beantworteten Fragen

Anzahl Personen mit jedem Resultat

Ihre Resultats-Entwicklung

Sie haben dieses Quiz noch nicht gespielt